[Event "Goch op 25th"]
[Site "Goch"]
[Date "2014.09.05"]
[Round "2"]
[White "Langer, Wolfgang"]
[Black "Afek, Yochanan"]
[Result "0-1"]
[WhiteElo "2038"]
[BlackElo "2286"]
[PlyCount "52"]
[EventDate "2014.09.04"]
[EventType "swiss"]
[EventRounds "7"]
[EventCountry "GER"]
[SourceTitle "EXT 2016"]
[Source "ChessBase"]
[SourceDate "2015.10.08"]
[SourceVersion "1"]
[SourceVersionDate "2015.10.08"]
[SourceQuality "1"]

1. Nf3 c5 2. e4 d6 3. c3 Nf6 4. Be2 g6 5. 0-0 Bg7 6. d3 0-0 7. h3 Nc6 8. Be3 b6 9. Nbd2 Bb7 10. Qc2 Rc8 11. Rad1 d5 12. Nh2 Nd4 13. Bxd4 cxd4 14. e5 Nd7 15. f4 f6 16. e6 Nc5 17. f5 gxf5 18. Rxf5 Nxe6 19. Ndf3 Qc7 20. c4 Qg3 21. Nf1 Qd6 22. Qd2 dxc4 23. dxc4 Be4 24. Rh5 f5 25. N1h2 d3 26. Bxd3 Bxd3 0-1

[Event "Goch op 25th"]
[Site "Goch"]
[Date "2014.09.04"]
[Round "1"]
[White "Turp, Hueseyin"]
[Black "Langer, Wolfgang"]
[Result "0-1"]
[WhiteElo "1665"]
[BlackElo "2038"]
[PlyCount "96"]
[EventDate "2014.09.04"]
[EventType "swiss"]
[EventRounds "7"]
[EventCountry "GER"]
[SourceTitle "EXT 2016"]
[Source "ChessBase"]
[SourceDate "2015.10.08"]
[SourceVersion "1"]
[SourceVersionDate "2015.10.08"]
[SourceQuality "1"]

1. d4 d5 2. Nf3 Nf6 3. Bf4 Bf5 4. e3 e6 5. Be2 c5 6. c3 Qb6 7. Qc1 Nc6 8. 0-0 Be7 9. Nbd2 0-0 10. h3 Rac8 11. Nb3 cxd4 12. exd4 a5 13. Nh4 Be4 14. f3 Bg6 15. Nxg6 hxg6 16. Qd2 a4 17. Nc1 Na5 18. Kh1 Nh5 19. Bh2 Bd6 20. f4 Nf6 21. Bd3 Qc6 22. Ne2 b5 23. Rac1 Rc7 24. Ng1 Rb8 25. Nf3 Nc4 26. Qe2 Rcb7 27. Ne5 Qc7 28. a3 Nd7 29. Rc2 Ndb6 30. Nxg6 fxg6 31. Bxg6 Qc8 32. Qh5 Kf8 33. Qh8+ Ke7 34. Qxg7+ Kd8 35. Qg8+ Kc7 36. Qxc8+ Rxc8 37. Re1 Kd7 38. Bf7 Rf8 39. Bxe6+ Kc6 40. f5 Re7 41. g4 Rh7 42. Kg2 Bxh2 43. Kxh2 Rfh8 44. Kg3 Rxh3+ 45. Kf4 Nd6 46. Rg2 Ne4 47. g5 R8h4+ 48. Ke5 Nc4# 0-1

[Event "Ruhrgebiet VK3 0708"]
[Site "Germany"]
[Date "2007.12.09"]
[Round "4.8"]
[White "Ziperstein, Jakob"]
[Black "Langer, Wolfgang"]
[Result "0-1"]
[WhiteElo "1851"]
[BlackElo "1946"]
[PlyCount "124"]
[EventDate "2007.09.16"]
[EventType "team"]
[EventRounds "9"]
[EventCountry "GER"]
[SourceTitle "EXT 2009"]
[Source "ChessBase"]
[SourceDate "2008.11.26"]
[SourceVersion "1"]
[SourceVersionDate "2008.11.26"]
[SourceQuality "1"]
[WhiteTeam "Dortmund FS 98"]
[BlackTeam "Bochum Uni"]
[WhiteTeamCountry "GER"]
[BlackTeamCountry "GER"]

1. e4 c5 2. Nf3 d6 3. Nc3 Nf6 4. Bb5+ Nbd7 5. e5 dxe5 6. Nxe5 a6 7. Nxd7 Bxd7 8. Bxd7+ Qxd7 9. 0-0 e6 10. d3 Be7 11. Qf3 0-0 12. Ne4 Nd5 13. Bd2 b5 14. Rfe1 Rac8 15. Qg3 Kh8 16. a3 c4 17. d4 Nf6 18. Nxf6 Bxf6 19. c3 Qd5 20. Bf4 Qf5 21. Re2 Rfd8 22. Rae1 Rd5 23. Be5 Rcd8 24. f4 Kg8 25. Qf3 Be7 26. g4 Qg6 27. f5 exf5 28. Bc7 fxg4 29. Qg2 Bf8 30. Bxd8 Rxd8 31. Qg3 h5 32. Qc7 Ra8 33. Qd7 Bd6 34. Re8+ Rxe8 35. Qxe8+ Kh7 36. Qe4 f5 37. Qe6 Bf4 38. Qxg6+ Kxg6 39. Re6+ Kf7 40. Rxa6 Bc1 41. a4 Bxb2 42. axb5 Bxc3 43. d5 Bd4+ 44. Kg2 f4 45. Rc6 f3+ 46. Kf1 Be5 47. b6 Bxh2 48. d6 g3 49. b7 g2+ 50. Kf2 g1Q+ 51. Kxf3 Qh1+ 52. Kf2 Qxc6 53. b8Q Bxd6 54. Qa7+ Be7 55. Qa2 Qc5+ 56. Kg2 Bf6 57. Kh3 g5 58. Qc2 Qe3+ 59. Kg2 Qd3 60. Qf2 Qe4+ 61. Kg1 Qd4 62. Kh1 Qh4+ 0-1

[Event "Ruhrhalbinsel op"]
[Site "Essen"]
[Date "2006.05.27"]
[Round "6"]
[White "Langer, Wolfgang"]
[Black "Kolkin, Michail"]
[Result "0-1"]
[WhiteElo "2083"]
[BlackElo "2064"]
[PlyCount "84"]
[EventDate "2006.05.24"]
[EventType "swiss"]
[EventRounds "7"]
[EventCountry "GER"]
[SourceTitle "EXT 2007"]
[Source "ChessBase"]
[SourceDate "2006.11.23"]
[SourceVersion "1"]
[SourceVersionDate "2006.11.23"]
[SourceQuality "1"]

1. Nf3 Nf6 2. g3 d5 3. Bg2 c5 4. c4 Nc6 5. cxd5 Nxd5 6. d4 cxd4 7. Nxd4 e6 8. Nxc6 bxc6 9. 0-0 Be7 10. Qc2 0-0 11. a3 Bf6 12. e4 Nb6 13. Be3 Ba6 14. Rd1 Qc7 15. Bc5 Rfd8 16. Nc3 Qe5 17. Be3 Nc4 18. Bf4 Qa5 19. Bd2 Nxd2 20. Rxd2 Rxd2 21. Qxd2 Rd8 22. Qc2 g6 23. Bf1 Bb7 24. b4 Qe5 25. Rc1 Bg5 26. f4 Qd4+ 27. Qf2 Be7 28. Qxd4 Rxd4 29. Kf2 Rd2+ 30. Be2 Rb2 31. Ke1 g5 32. Na4 Ra2 33. Rc3 gxf4 34. gxf4 Bxb4 35. axb4 Rxa4 36. Rb3 Ra2 37. e5 Kf8 38. Rh3 Rb2 39. Rxh7 Rxb4 40. Rh8+ Kg7 41. Rb8 c5 42. h4 a5 0-1

[Event "Leipzig VfB op 13th"]
[Site "Leipzig"]
[Date "2006.03.16"]
[Round "5"]
[White "Langer, Wolfgang"]
[Black "Bulano, Alexander"]
[Result "1-0"]
[WhiteElo "2030"]
[BlackElo "1867"]
[PlyCount "163"]
[EventDate "2006.03.14"]
[EventType "swiss"]
[EventRounds "9"]
[EventCountry "GER"]
[SourceTitle "EXT 2008"]
[Source "ChessBase"]
[SourceDate "2007.11.25"]
[SourceVersion "1"]
[SourceVersionDate "2007.11.25"]
[SourceQuality "1"]

1. d4 Nf6 2. g3 d5 3. Bg2 Bf5 4. Nf3 e6 5. 0-0 Be7 6. c4 0-0 7. Nbd2 c5 8. cxd5 exd5 9. dxc5 Bxc5 10. Nb3 Be7 11. Nbd4 Be4 12. Qa4 Nbd7 13. b4 Nb6 14. Qb3 Rc8 15. Bg5 h6 16. Bxf6 Bxf6 17. Rac1 Rc4 18. e3 Qe7 19. Rxc4 dxc4 20. Qc3 Rc8 21. a3 Nd5 22. Qc1 c3 23. Nc2 Qc7 24. Rd1 Nb6 25. Nfd4 Bxg2 26. Kxg2 a6 27. Ne2 Qc6+ 28. f3 Qc4 29. Kf2 Na4 30. Ne1 Nb2 31. Rd6 Qb3 32. Qc2 Qxa3 33. Qf5 Re8 34. Qd7 Rd8 35. Qc7 Rxd6 36. Qxd6 b5 37. Nc2 Qb3 38. Ned4 Qc4 39. Kg2 Nd3 40. Qxa6 Bxd4 41. Qa8+ Kh7 42. Qe4+ f5 43. Qxd4 Qxd4 44. exd4 Kg6 45. Kf1 Kf6 46. Ke2 Nb2 47. Na3 Ke6 48. Nxb5 Kd5 49. Nxc3+ Kxd4 50. Nb5+ Kd5 51. Ke3 g5 52. f4 Nc4+ 53. Kd3 Nb6 54. Nc3+ Ke6 55. Kd4 gxf4 56. gxf4 Kd6 57. h4 h5 58. b5 Nd7 59. Ne2 Nf8 60. Ng3 Ne6+ 61. Ke3 Ng7 62. Kd4 Ne6+ 63. Ke3 Ng7 64. b6 Kc6 65. Kd4 Kxb6 66. Ke5 Kc7 67. Nxf5 Ne8 68. Ng3 Kd7 69. Nxh5 Ke7 70. f5 Kf7 71. Nf4 Nf6 72. Nd5 Nh5 73. f6 Ng3 74. Kf4 Nh5+ 75. Kg5 Ng3 76. Nc3 Nf1 77. Ne4 Nh2 78. Nd6+ Kf8 79. Kf4 Nf1 80. h5 Nd2 81. h6 Kg8 82. f7+ 1-0

[Event "Leipzig VfB op 12th"]
[Site "Leipzig"]
[Date "2005.03.04"]
[Round "6"]
[White "Gugenberger, Uwe"]
[Black "Langer, Wolfgang"]
[Result "1/2-1/2"]
[WhiteElo "1616"]
[BlackElo "2011"]
[PlyCount "130"]
[EventDate "2005.01.03"]
[EventType "swiss"]
[EventRounds "9"]
[EventCountry "GER"]
[SourceTitle "EXT 2008"]
[Source "ChessBase"]
[SourceDate "2007.11.25"]
[SourceVersion "1"]
[SourceVersionDate "2007.11.25"]
[SourceQuality "1"]

1. d4 Nf6 2. Nf3 g6 3. c4 Bg7 4. Nc3 d5 5. g3 0-0 6. Bg2 c6 7. cxd5 cxd5 8. 0-0 Nc6 9. Bf4 e6 10. Rc1 a6 11. a3 Bd7 12. b4 b5 13. Qd2 Qe7 14. Bg5 Qd6 15. Bf4 Qe7 16. Rfe1 Rfc8 17. Ne5 Be8 18. Bg5 Qf8 19. Bxf6 Bxf6 20. f4 Nxe5 21. fxe5 Bg7 22. g4 Bc6 23. g5 Ra7 24. Nd1 a5 25. Rc5 axb4 26. axb4 h5 27. Nf2 Qd8 28. Rec1 Bd7 29. Rxc8 Bxc8 30. Qc3 Ra8 31. h4 Bf8 32. Nd3 Bd7 33. Qc7 Be7 34. Kf2 Rc8 35. Qxd8+ Bxd8 36. Rxc8 Bxc8 37. Nc5 Be7 38. e3 Kf8 39. Bf1 Bxc5 40. bxc5 Bd7 41. Ke2 b4 42. Kd2 Ba4 43. Bd3 Bb3 44. Kc1 Ke7 45. Bb5 Bc4 46. Ba4 Kd8 47. Kb2 Ke7 48. Bc6 Kd8 49. e4 dxe4 50. Bxe4 Kc7 51. Bc2 Bd5 52. Ba4 Kd8 53. Bb3 Bc6 54. Bc4 Ba4 55. d5 exd5 56. Bxd5 Ke7 57. Kc1 Bd7 58. Kc2 Ba4+ 59. Kb2 Bd1 60. Kc1 Bg4 61. c6 Be6 62. Be4 Kd8 63. Kd2 Kc7 64. Kd3 Kb6 65. Kd4 Ba2 1/2-1/2

[Event "Unna op"]
[Site "Unna"]
[Date "2004.12.29"]
[Round "5"]
[White "Langer, Wolfgang"]
[Black "Kleinegger, Frank"]
[Result "0-1"]
[WhiteElo "2081"]
[BlackElo "2231"]
[PlyCount "84"]
[EventDate "2004.12.27"]
[EventType "swiss"]
[EventRounds "7"]
[EventCountry "GER"]
[SourceTitle "CBM 104 Extra"]
[Source "ChessBase"]
[SourceDate "2005.03.01"]
[SourceVersion "1"]
[SourceVersionDate "2005.03.01"]
[SourceQuality "1"]

1. Nf3 d5 2. g3 Nf6 3. Bg2 g6 4. b3 Bg7 5. Bb2 0-0 6. 0-0 c6 7. d4 a5 8. Nbd2 a4 9. c4 Qa5 10. Qc1 b5 11. cxb5 cxb5 12. a3 Bf5 13. Bc3 Qa7 14. Qb2 Nc6 15. Rfc1 Ne4 16. Nxe4 Bxe4 17. e3 e6 18. Ne1 Bxg2 19. Kxg2 axb3 20. Qxb3 Rfb8 21. Nd3 Bf8 22. Rc2 Qa4 23. Qxa4 Rxa4 24. Bb2 Na5 25. Nc5 Bxc5 26. dxc5 Rc4 27. Rxc4 bxc4 28. Be5 Rb5 29. Bd6 f6 30. a4 Rb7 31. Kf3 Kf7 32. Ra2 e5 33. g4 Ke6 34. Ke2 d4 35. e4 g5 36. Kd2 Kd7 37. Bf8 Kc6 38. Kc2 c3 39. h3 Nc4 40. a5 Rb2+ 41. Rxb2 cxb2 42. Be7 d3+ 0-1

[Event "Bochum-ch"]
[Site "Bochum"]
[Date "2004.06.16"]
[Round "7"]
[White "Langer, Wolfgang"]
[Black "Engelberg, Michael"]
[Result "1-0"]
[WhiteElo "1876"]
[BlackElo "1835"]
[PlyCount "59"]
[EventDate "2004.05.05"]
[EventType "swiss"]
[EventRounds "7"]
[EventCountry "GER"]
[SourceTitle "EXT 2006"]
[Source "ChessBase"]
[SourceDate "2005.11.24"]
[SourceVersion "1"]
[SourceVersionDate "2005.11.24"]
[SourceQuality "1"]

1. Nf3 Nf6 2. g3 d5 3. Bg2 c6 4. c4 e6 5. d4 dxc4 6. 0-0 Be7 7. Ne5 0-0 8. Nc3 Nbd7 9. Nxc4 Nd5 10. e4 N5b6 11. Ne3 Nf6 12. Kh1 Qd7 13. Qd2 Rd8 14. Rd1 Qe8 15. Qe2 Nbd7 16. f4 Nb6 17. b3 Bb4 18. Bb2 Nbd7 19. g4 Nf8 20. g5 N6d7 21. Ng4 Ng6 22. Qf2 c5 23. Nb5 Qe7 24. d5 Nb6 25. d6 Qd7 26. a4 a5 27. h4 Rb8 28. h5 e5 29. f5 Nf4 30. Nxe5 1-0

[Event "Bochum-ch"]
[Site "Bochum"]
[Date "2004.05.28"]
[Round "4"]
[White "Langer, Wolfgang"]
[Black "Schroeder, Joerg"]
[Result "1-0"]
[WhiteElo "1876"]
[BlackElo "1376"]
[PlyCount "51"]
[EventDate "2004.05.05"]
[EventType "swiss"]
[EventRounds "7"]
[EventCountry "GER"]
[SourceTitle "EXT 2006"]
[Source "ChessBase"]
[SourceDate "2005.11.24"]
[SourceVersion "1"]
[SourceVersionDate "2005.11.24"]
[SourceQuality "1"]

1. c4 Nf6 2. Nc3 g6 3. e4 d6 4. g3 Bg7 5. Bg2 0-0 6. Nge2 Nbd7 7. d3 e5 8. 0-0 Ne8 9. f4 f5 10. Be3 a5 11. Qc2 c6 12. a3 Nef6 13. Kh1 Ng4 14. Bg1 Nc5 15. h3 exf4 16. Nxf4 Nf6 17. e5 Nh5 18. Nxh5 gxh5 19. d4 Ne6 20. d5 cxd5 21. cxd5 Nc7 22. e6 h4 23. Rf3 hxg3 24. Raf1 b5 25. Rxg3 b4 26. Bd4 1-0

[Event "Bochum-ch"]
[Site "Bochum"]
[Date "2004.05.20"]
[Round "3"]
[White "Mueller, Herbert"]
[Black "Langer, Wolfgang"]
[Result "1/2-1/2"]
[WhiteElo "1989"]
[BlackElo "1876"]
[PlyCount "61"]
[EventDate "2004.05.05"]
[EventType "swiss"]
[EventRounds "7"]
[EventCountry "GER"]
[SourceTitle "EXT 2006"]
[Source "ChessBase"]
[SourceDate "2005.11.24"]
[SourceVersion "1"]
[SourceVersionDate "2005.11.24"]
[SourceQuality "1"]

1. d4 Nf6 2. Nf3 g6 3. c4 c5 4. e3 cxd4 5. exd4 d5 6. Nc3 Bg7 7. Bg5 Ne4 8. cxd5 Nxg5 9. Nxg5 Qb6 10. Qd2 Qxd4 11. Qxd4 Bxd4 12. Rd1 Bxc3+ 13. bxc3 Bf5 14. Bb5+ Nd7 15. f3 a6 16. Bxd7+ Bxd7 17. Kf2 0-0 18. Rhe1 Rfe8 19. Rd3 h6 20. Ne4 Bf5 21. Rd4 Bxe4 22. fxe4 Rac8 23. Rc1 Red8 24. c4 Rc5 25. Rb1 Rd7 26. Kf3 e5 27. Rdd1 Rxc4 28. Rdc1 Ra4 29. Rc8+ Kg7 30. Rb2 f5 31. exf5 1/2-1/2

[Event "Leipzig VfB op 11th"]
[Site "Leipzig"]
[Date "2004.03.18"]
[Round "4"]
[White "Langer, Wolfgang"]
[Black "Link, Dietrich"]
[Result "1-0"]
[WhiteElo "2062"]
[BlackElo "1707"]
[PlyCount "50"]
[EventDate "2004.03.16"]
[EventType "swiss"]
[EventRounds "9"]
[EventCountry "GER"]
[SourceTitle "EXT 2007"]
[Source "ChessBase"]
[SourceDate "2006.11.23"]
[SourceVersion "1"]
[SourceVersionDate "2006.11.23"]
[SourceQuality "1"]

1. d4 d5 2. Nf3 e6 3. Bf4 Bd6 4. Bxd6 Qxd6 5. Nbd2 Nf6 6. e3 a6 7. Bd3 Nbd7 8. c3 c6 9. e4 dxe4 10. Nxe4 Nxe4 11. Bxe4 Nf6 12. Bc2 h6 13. 0-0 0-0 14. Re1 Bd7 15. b4 Nd5 16. Qd3 f5 17. Ne5 Be8 18. Bb3 b5 19. a3 Ra7 20. Rac1 Rf6 21. c4 Nf4 22. Qe3 g5 23. d5 Re7 24. c5 Qd8 25. dxc6 Bxc6 1-0

[Event "Leipzig VfB op 10th"]
[Site "Leipzig"]
[Date "2003.03.16"]
[Round "9"]
[White "Langer, Wolfgang"]
[Black "Neubert, Frank"]
[Result "0-1"]
[WhiteElo "2079"]
[BlackElo "1681"]
[PlyCount "60"]
[EventDate "2003.03.11"]
[EventType "swiss"]
[EventRounds "9"]
[EventCountry "GER"]
[SourceTitle "EXT 2008"]
[Source "ChessBase"]
[SourceDate "2007.11.25"]
[SourceVersion "1"]
[SourceVersionDate "2007.11.25"]
[SourceQuality "1"]

1. Nf3 c5 2. c4 Nf6 3. g3 e6 4. Nc3 Nc6 5. Bg2 d5 6. cxd5 exd5 7. d4 cxd4 8. Nxd4 Be6 9. 0-0 h6 10. Nxe6 fxe6 11. Qc2 Qd7 12. e4 0-0-0 13. Bh3 Kb8 14. exd5 Nxd5 15. Rd1 Qf7 16. a3 g5 17. b4 Bg7 18. Bb2 Nd4 19. Qe4 Rhf8 20. f4 gxf4 21. Na4 fxg3 22. Bxd4 Bxd4+ 23. Qxd4 gxh2+ 24. Kxh2 Qc7+ 25. Kh1 Nf4 26. Qe4 Nxh3 27. Rxd8+ Rxd8 28. Qxe6 Qg3 29. Rf1 Nf2+ 30. Rxf2 Rd1+ 0-1

[Event "Leipzig VfB op 10th"]
[Site "Leipzig"]
[Date "2003.03.14"]
[Round "6"]
[White "Lehmann, Lothar"]
[Black "Langer, Wolfgang"]
[Result "1/2-1/2"]
[WhiteElo "1797"]
[BlackElo "2079"]
[PlyCount "38"]
[EventDate "2003.03.11"]
[EventType "swiss"]
[EventRounds "9"]
[EventCountry "GER"]
[SourceTitle "EXT 2008"]
[Source "ChessBase"]
[SourceDate "2007.11.25"]
[SourceVersion "1"]
[SourceVersionDate "2007.11.25"]
[SourceQuality "1"]

1. d4 Nf6 2. c4 c5 3. d5 b5 4. cxb5 a6 5. bxa6 Bxa6 6. g3 d6 7. b3 g6 8. Bb2 Bg7 9. Bg2 0-0 10. Nh3 Nbd7 11. 0-0 Ra7 12. Qd2 Nb6 13. Rd1 Qd7 14. Nc3 Rb8 15. Nf4 Ne8 16. e3 Nc7 17. Bh3 Qe8 18. Qc2 Rab7 19. Rab1 Nd7 1/2-1/2

[Event "Bad Zwesten op 7th"]
[Site "Bad Zwesten"]
[Date "2003.??.??"]
[Round "9"]
[White "Ehemann, Pascal"]
[Black "Langer, Wolfgang"]
[Result "0-1"]
[WhiteElo "1787"]
[BlackElo "2079"]
[PlyCount "56"]
[EventDate "2003.01.02"]
[EventType "swiss"]
[EventRounds "9"]
[EventCountry "GER"]
[SourceTitle "CBM 092 Extra"]
[Source "ChessBase"]
[SourceDate "2003.03.07"]
[SourceVersion "1"]
[SourceVersionDate "2003.03.07"]
[SourceQuality "1"]

1. e4 c5 2. c3 d5 3. Nf3 Nc6 4. e5 Bf5 5. d4 e6 6. Bd3 Bxd3 7. Qxd3 Qb6 8. 0-0 h5 9. Be3 Qxb2 10. Nbd2 c4 11. Nxc4 dxc4 12. Qxc4 Qa3 13. Rab1 Qa6 14. Rb5 Nge7 15. Rfb1 g6 16. Bg5 Nd5 17. Bf6 Rg8 18. Ng5 Nc7 19. d5 exd5 20. Qf4 Nxb5 21. e6 fxe6 22. Re1 Bd6 23. Rxe6+ Kd7 24. Qh4 Qxa2 25. Qh3 Kc7 26. Re1 Rae8 27. Ne6+ Kb8 28. Qf3 Rxe6 0-1

[Event "Bad Zwesten op 7th"]
[Site "Bad Zwesten"]
[Date "2003.??.??"]
[Round "4"]
[White "Langer, Wolfgang"]
[Black "Schneider, Ilja"]
[Result "0-1"]
[WhiteElo "2079"]
[BlackElo "2217"]
[PlyCount "56"]
[EventDate "2003.01.02"]
[EventType "swiss"]
[EventRounds "9"]
[EventCountry "GER"]
[SourceTitle "CBM 092 Extra"]
[Source "ChessBase"]
[SourceDate "2003.03.07"]
[SourceVersion "1"]
[SourceVersionDate "2003.03.07"]
[SourceQuality "1"]

1. Nf3 c5 2. c4 g6 3. d4 Bg7 4. e4 d6 5. Nc3 Bg4 6. Be3 Nc6 7. dxc5 dxc5 8. Qb3 b6 9. Be2 Nf6 10. Rd1 Qc8 11. h3 Bxf3 12. Bxf3 0-0 13. 0-0 Nd7 14. Be2 Nd4 15. Bxd4 cxd4 16. Nd5 Re8 17. Rc1 Rb8 18. Qc2 e6 19. Nb4 Nc5 20. Bf3 Rd8 21. Nd3 Qa6 22. a3 Rbc8 23. Nxc5 bxc5 24. Qd3 Rb8 25. Rc2 Rb6 26. Be2 Rdb8 27. Qd2 Rb3 28. Ra1 d3 0-1

[Event "Hessenliga 0102"]
[Site "Germany"]
[Date "2002.03.17"]
[Round "8.5"]
[White "Bouaraba, Max"]
[Black "Langer, Wolfgang"]
[Result "1-0"]
[WhiteElo "2177"]
[BlackElo "2091"]
[PlyCount "79"]
[EventDate "2001.10.??"]
[EventType "team"]
[EventRounds "9"]
[EventCountry "GER"]
[SourceTitle "EXT 2003"]
[Source "ChessBase"]
[SourceDate "2002.11.25"]
[SourceVersion "1"]
[SourceVersionDate "2002.11.25"]
[SourceQuality "1"]
[WhiteTeam "Marburg"]
[BlackTeam "Lorsch"]
[WhiteTeamCountry "GER"]
[BlackTeamCountry "GER"]

1. d4 Nf6 2. Nf3 d5 3. Bf4 c6 4. e3 Qb6 5. Qc1 Bf5 6. Be2 h6 7. 0-0 e6 8. c4 dxc4 9. Nbd2 Bd3 10. Nxc4 Bxc4 11. Bxc4 Be7 12. Qc2 0-0 13. e4 Na6 14. Rad1 Rfd8 15. a3 Rac8 16. b4 Nb8 17. Qb3 Kf8 18. Ne5 Nbd7 19. Nxf7 Kxf7 20. Bxe6+ Ke8 21. Bf7+ Kf8 22. Bg6 Nd5 23. exd5 cxd5 24. Qg3 Rc6 25. Bb1 Nf6 26. Be5 a5 27. bxa5 Qxa5 28. Rd3 Rdc8 29. Qf4 Bxa3 30. h4 Be7 31. Rf3 Rc3 32. Bxf6 Bxf6 33. Qd6+ Kg8 34. Qe6+ Kf8 35. Rxf6+ gxf6 36. Qxf6+ Kg8 37. Qg6+ Kf8 38. Qxh6+ Ke8 39. Re1+ Kd8 40. Qd6# 1-0